| 000 | 00660nam a2200217 4500 | ||
|---|---|---|---|
| 003 | OSt | ||
| 005 | 20260601170957.0 | ||
| 008 | 260418b1972\\\\nyua||||\||||\00|\0\spa\d | ||
| 040 |
_aICI _bspa _cICI |
||
| 050 |
_aN6450 _bP35 |
||
| 100 | 1 |
_a Pevsner, Nikolaus, _918492 |
|
| 245 | 1 |
_aPioneers of modern design : _bfrom William Morris to Walter Gropius |
|
| 264 |
_bPelican Book _c1972 _aMiddlesex, England : | |
||
| 300 | _a255 páginas | ||
| 336 |
_atexto _2rdacontent |
||
| 337 |
_asin medio _2rdamedia |
||
| 338 |
_avolumen _2rdacarrier |
||
| 650 |
_aArte moderno _xHistoria _ySiglo XIX |
||
| 650 |
_aArte moderno _ySiglo XX _zHistoria _930859 |
||
| 942 |
_2lcc _cB |
||
| 999 |
_c19914 _d19914 |
||